| 000 | 00352nam a2200121 4500 | ||
|---|---|---|---|
| 999 |
_c11775 _d11775 |
||
| 003 | OSt | ||
| 005 | 20230726132518.0 | ||
| 008 | 230726b ||||| |||| 00| 0 eng d | ||
| 245 | _aSeminar or a perspective 2050 on architectural and town planning practice and education | ||
| 260 | _bSchool of planning and architecture | ||
| 300 | _a157p; | ||
| 942 | _2ddc | ||